Racionalizace vrtání /

Zvýšení hospodárnosti a produktivity obrábění děr v nejrůznější kusové, malosériové a sériové výrobě umožňuje racionalizace prací na vrtačkách a vyvrtávačkách, kterou se zabývá tato příručka.

Hlavní autor: Václavovič, Antonín, 1917-1974
Jazyk: Čeština
Vydáno: Praha : Práce, 1961
Vydání: 1. vyd.
Edice: Škola technického rozvoje
Fyzický popis: 242, [2] s. : il. ; 8°
Knihy
Uloženo v:
LEADER 01137nam a22003012a 4500
001 001192856
003 CZ BrMZK
005 20120619115909.0
007 ta
008 120206s1961 xr a er|||||||||||cze d
015 |a cnb000611623 
035 |a (OCoLC)85466307 
040 |a ABA001  |b cze  |c OSA001  |d ABA001 
080 9 |a 621.95(022) 
100 1 |a Václavovič, Antonín,  |d 1917-1974  |7 jk01141051  |4 aut 
245 1 0 |a Racionalizace vrtání /  |c Antonín Václavovič 
250 |a 1. vyd. 
260 |a Praha :  |b Práce,  |c 1961 
300 |a 242, [2] s. :  |b il. ;  |c 8° 
490 1 |a Škola technického rozvoje ;  |v sv. 3 
504 |a Obsahuje bibliografii a rejstříky 
500 |a 3750 výt. 
520 2 |a Zvýšení hospodárnosti a produktivity obrábění děr v nejrůznější kusové, malosériové a sériové výrobě umožňuje racionalizace prací na vrtačkách a vyvrtávačkách, kterou se zabývá tato příručka. 
830 0 |a Škola technického rozvoje 
910 |a BOA001  |b 1-0460.490 
990 |a BK 
991 |b 201201 
996 6 |b 2619435627  |c 1-0460.490  |l MZK  |r Sklad / do 1 hodiny  |n 2  |w 001226328  |u 000010  |a 1  |e BOA001  |j MZK50  |s P